[Event "38th Barczay Memorial 2019"]
[Site "Zalakaros"]
[Date "2019.05.23"]
[Round "1.11"]
[White "Majoros, Rozsa Evelin"]
[Black "Srinath, Rao S.V."]
[Result "0-1"]
[WhiteElo "1942"]
[BlackElo "2395"]
[Annotator "TA"]
[PlyCount "72"]
[EventDate "2019.05.23"]
[EventType "swiss"]
[EventCountry "HUN"]
[SourceTitle "playchess.com"]
[Source "ChessBase"]
[SourceQuality "1"]

{[%evp 15,72,8,15,11,19,16,10,12,11,-12,-7,-17,-8,-17,0,-13,-3,-19,0,0,13,13,7,0,27,0,0,0,27,8,29,-22,-16,-20,-20,-66,-41,-35,-36,-30,-29,-165,-165,-167,-172,-437,-428,-600,-601,-587,-591,-573,-566,-583,-571,-857,-811,-29989,-29990]} 1. e4 e6 2. d4 d5 3. Nc3 Nf6 4. e5 Nfd7 5. f4 c5 6. Nf3 Nc6 7. Be3 a6 8. Qd2 b5 9. Nd1 {C11: French: Classical System: 4 e5 and 4 Bg5 dxe4} (9. a3 Rb8 10. dxc5 Bxc5 11. Bxc5 Nxc5 12. b4 Nd7 13. Bd3 Qb6 14. Ne2 f6 15. exf6 Nxf6 16. Ned4 Nxd4 17. Nxd4 {½-½ (31) Grischuk,A (2769)-Short,N (2652) Douglas 2018}) 9... Bb7 10. c3 b4 11. Bd3 $146 {The position is equal.} ({Predecessor:} 11. Be2 a5 12. O-O Be7 13. dxc5 O-O 14. Rc1 Nxc5 15. Nf2 Rc8 16. Rfd1 bxc3 17. bxc3 {½-½ (53) Alderisio,P (2414)-Latronico,N (2475) ICCF email 2012}) 11... bxc3 12. Nxc3 cxd4 13. Nxd4 Bc5 14. Bc2 Rc8 15. O-O Nxd4 16. Bxd4 Bxd4+ (16... O-O {is more complex.} 17. Rad1 Qb6 18. Bxc5 Nxc5 19. Rf2 a5) 17. Qxd4 Qb6 18. Qxb6 Nxb6 19. Bd3 Nc4 20. Rf2 O-O 21. Nd1 g5 {With the idea ...gxf4.} 22. b3 Nb6 23. Ne3 (23. fxg5 $142 a5 24. Re2) 23... Rc3 $11 24. Rd1 Nd7 $36 {[%mdl 2048] Black is pushing.} 25. g3 Nc5 26. Rfd2 gxf4 27. gxf4 Kh8 {aiming for ...Rg8+.} 28. Kf2 (28. b4 $1 $11 {and White has nothing to worry.} Ne4 29. Bxe4 Rxe3 30. Bd3) 28... f6 29. exf6 Rxf6 ({Weaker is} 29... Nxd3+ 30. Rxd3 Rxd3 31. Rxd3 $11) 30. Kg3 $2 (30. Ng2 {is a better defense.}) 30... d4 $19 31. Ng4 (31. Nc4 $142 Be4 32. Ne5) 31... Ne4+ ({Not} 31... Nxd3 32. Nxf6 Nb2+ 33. Kh4 $15) 32. Kh4 {[#] Bxe4 is the strong threat.} Nxd2 33. Rxd2 Rxf4 34. Kg5 Rf8 35. Kh6 Bf3 36. Ne5 Rc5 {Accuracy: White = 35%, Black = 58%.} 0-1

[Event "38th Barczay Memorial 2019"]
[Site "Zalakaros"]
[Date "2019.05.24"]
[Round "2.1"]
[White "Horvath, Adam"]
[Black "Hardicsay, Peter"]
[Result "1-0"]
[WhiteElo "2531"]
[BlackElo "2207"]
[Annotator "TA"]
[PlyCount "79"]
[EventDate "2019.05.23"]
[EventType "swiss"]
[EventCountry "HUN"]
[SourceTitle "playchess.com"]
[Source "ChessBase"]
[SourceQuality "1"]

{[%evp 10,79,16,21,34,35,38,36,39,40,45,33,30,42,62,59,79,75,129,92,84,106,89,73,127,114,159,124,185,106,181,195,186,183,200,201,249,215,193,167,167,165,328,317,322,312,305,310,372,363,363,370,344,320,378,231,391,380,643,0,235,222,648,547,29978,29979,29979,29980,29979,29980,29974,29974]} 1. e4 c5 2. Nf3 Nc6 3. Bb5 e6 4. O-O Nge7 5. d4 cxd4 6. Nxd4 Nxd4 {B30: Sicilian: 2...Nc6 3 Bb5, lines without ...g6} (6... Qb6 7. Nxc6 bxc6 8. Bd3 Ng6 9. c4 Bc5 10. Nc3 Qc7 11. Kh1 e5 12. Na4 Bd4 13. c5 d6 14. Be3 dxc5 15. Nxc5 Bxb2 {0-1 (56) Adams,M (2712)-Adhiban,B (2668) Douglas 2018}) 7. Qxd4 a6 8. Be2 Nc6 {White is slightly better.} 9. Qc3 b5 {[%cal Bb7b5,Bb5b4][%mdl 32]} 10. a4 b4 11. Qg3 Bb7 {Black wants to play ...Nd4.} 12. Be3 Rc8 $146 ({Predecessor:} 12... Qf6 13. Qc7 Nd8 14. Rd1 {1-0 (48) Rivas Romero,G (2172)-Malbasic,L (1878) ICCF email 2016}) 13. Nd2 $36 {[%mdl 2048] White is really pushing.} Na5 (13... Qf6 $142) 14. Rac1 h5 15. h4 Be7 16. Bd4 Rh7 (16... Bf6 $142 17. Qe3 Rc6) 17. Qe3 {[#] Bb6 is the strong threat.} (17. Bxg7 $2 Bxh4 18. Qe5 d6 $19) 17... Qc7 18. Rfd1 Bc5 (18... Nc6 $16 {was necessary.}) 19. Nf3 (19. Nb3 $18 d6 20. Bxc5 dxc5 21. Nxa5 Qxa5 22. Rd6) 19... Bxd4 (19... e5 $16) 20. Rxd4 $18 ({Resist} 20. Nxd4 $6 Nc4 $16) (20. Qxd4 Nc6 $16) 20... Nc6 21. Rd2 Rd8 22. Rcd1 Ne5 23. Nxe5 Qxe5 24. Qa7 Bc6 25. Qxa6 Rh6 $2 (25... Ra8 26. Qb6 Qa5 27. Qxa5 Rxa5) 26. Bb5 Ra8 {[#]} 27. Qb6 $1 (27. Qxa8+ Bxa8 28. Rxd7 Kf8 $14) 27... Rb8 28. Qe3 Bxb5 29. axb5 Rb7 30. b6 Rg6 31. Rd4 {Threatens to win with Qd3.} Rg4 32. g3 Qb5 $2 (32... g5 33. Qd3 (33. Rxb4 gxh4 34. Ra4 Rb8 $14) 33... Rxb6 34. Rxd7 Kf8) 33. Rd6 Qe5 $2 (33... Qc4 34. e5 Qe4) 34. R6d4 $2 (34. Qd3 {[%cal Rd6d7]} Qxe4 35. Qa6) 34... Qb5 $1 35. Qd2 Qe5 $2 (35... g5 36. hxg5 (36. Qxb4 Qxb4 37. Rxb4 gxh4 $16) (36. Rxb4 Qc5 $18) 36... h4 37. Rxb4 Qc5) 36. Qd3 {[%cal Rd4d7]} Qc5 37. Rxd7 {White mates.} Rxg3+ 38. Qxg3 Rxd7 39. Rxd7 Kxd7 40. b7 {Accuracy: White = 87%, Black = 29%.} 1-0

[Event "38th Barczay Memorial 2019"]
[Site "Zalakaros"]
[Date "2019.05.24"]
[Round "2.2"]
[White "Sonnberger, Thomas"]
[Black "Kantor, Gergely"]
[Result "0-1"]
[WhiteElo "2208"]
[BlackElo "2516"]
[Annotator "RC"]
[PlyCount "81"]
[EventDate "2019.05.23"]
[EventType "swiss"]
[EventCountry "HUN"]
[SourceTitle "playchess.com"]
[Source "ChessBase"]
[SourceQuality "1"]
[TimeControl "40/5400+30:1800+30"]

1. Nf3 {[%emt 0:06:52]} d5 {[%emt 0:01:51]} 2. g3 {[%emt 0:00:07]} c6 {[%emt 0:00:21]} 3. Bg2 {[%emt 0:00:12]} Bg4 {[%emt 0:00:04]} 4. d4 {[%emt 0:01:56]} e6 {[%emt 0:00:29]} 5. O-O {[%emt 0:00:33]} Nf6 {[%emt 0:01:45]} 6. c4 {[%emt 0:01:45]} Nbd7 {[%emt 0:00:43]} 7. Nbd2 {[%emt 0:04:35]} Be7 {[%emt 0:04:26]} 8. b3 {[%emt 0:02:57]} O-O {[%emt 0:01:48]} 9. Bb2 {[%emt 0:00:28]} Bh5 {[%emt 0:02:29]} 10. Ne5 {[%emt 0:01:46]} Nxe5 {[%emt 0:01:14]} 11. dxe5 {[%emt 0:00:10]} Nd7 {[%emt 0:00:53]} 12. Rc1 {[%emt 0:03:36]} a5 {[%emt 0:07:24]} 13. h3 {[%emt 0:07:52]} a4 {[%emt 0:02:59]} 14. g4 {[%emt 0:01:46]} Bg6 {[%emt 0:00:06]} 15. cxd5 {[%emt 0:01:23]} cxd5 {[%emt 0:02:17]} 16. e4 {[%emt 0:00:43]} Nc5 {[%emt 0:05:47]} 17. exd5 {[%emt 0:10:17]} Nd3 {[%emt 0:14:13]} 18. d6 {[%emt 0:06:13]} Bxd6 {[%emt 0:03:22]} 19. Ne4 {[%emt 0:06:36]} Bb8 {[%emt 0:06:23]} 20. Ba3 {[%emt 0:09:37]} Nxc1 {[%emt 0:05:48]} 21. Bxf8 {[%emt 0:01:36]} Qxf8 {[%emt 0:02:22]} 22. Qxc1 {[%emt 0:00:19]} axb3 {[%emt 0:00:53]} 23. axb3 {[%emt 0:00:41]} Bxe5 {[%emt 0:00:25]} 24. Qc4 {[%emt 0:01:49]} Rd8 {[%emt 0:05:45]} 25. Qb5 {[%emt 0:01:48]} Bxe4 {[%emt 0:08:12]} 26. Bxe4 {[%emt 0:02:27]} Bb8 {[%emt 0:00:16]} 27. Qb6 {[%emt 0:03:33]} Qe7 {[%emt 0:02:18]} 28. Rc1 {[%emt 0:04:33]} Bf4 {[%emt 0:14:52]} 29. Rc2 {[%emt 0:02:50]} h5 {[%emt 0:02:17]} 30. Qxb7 {[%emt 0:03:07]} Qg5 {[%emt 0:01:04]} 31. Rc8 {[%emt 0:04:35]} hxg4 {[%emt 0:01:39]} 32. h4 {[%emt 0:00:19]} Qa5 {[%emt 0:01:04]} 33. Kg2 {[%emt 0:05:31]} Qd2 {[%emt 0:00:22]} 34. b4 {[%emt 0:02:35]} g6 {[%emt 0:00:30]} 35. Rxd8+ {[%emt 0:01:21]} Qxd8 {[%emt 0:00:05]} 36. Qc6 {[%emt 0:00:47]} Qxh4 {[%emt 0:00:48]} 37. Kf1 {[%emt 0:00:28]} g3 {[%emt 0:00:35]} 38. fxg3 {[%emt 0:00:35]} Qxg3 {[%emt 0:00:21]} 39. Bf3 {[%emt 0:00:26]} g5 {[%emt 0:00:49]} 40. Qc8+ {[%emt 0:00:00]} Kg7 {[%emt 0:00:00]} 41. Qc6 {[%emt 0:02:01]} 0-1

[Event "38th Barczay Memorial 2019"]
[Site "Zalakaros"]
[Date "2019.05.24"]
[Round "2.3"]
[White "Bokros, Albert"]
[Black "Kantorik, Marian"]
[Result "1-0"]
[WhiteElo "2461"]
[BlackElo "2202"]
[Annotator "RC"]
[PlyCount "91"]
[EventDate "2019.05.23"]
[EventType "swiss"]
[EventCountry "HUN"]
[SourceTitle "playchess.com"]
[Source "ChessBase"]
[SourceQuality "1"]
[TimeControl "40/5400+30:1800+30"]

1. e4 {[%emt 0:00:03]} d6 {[%emt 0:01:30]} 2. d4 {[%emt 0:00:09]} Nf6 {[%emt 0:00:06]} 3. Nc3 {[%emt 0:00:07]} e5 {[%emt 0:00:06]} 4. Nf3 {[%emt 0:00:13]} Nbd7 {[%emt 0:00:12]} 5. Bc4 {[%emt 0:00:08]} Be7 {[%emt 0:00:06]} 6. O-O {[%emt 0:00:20]} c6 {[%emt 0:00:04]} 7. a4 {[%emt 0:00:10]} Qc7 {[%emt 0:00:06]} 8. Re1 {[%emt 0:01:20]} h6 {[%emt 0:00:07]} 9. a5 {[%emt 0:10:13]} g5 {[%emt 0:01:37]} 10. d5 {[%emt 0:04:59]} Nf8 {[%emt 0:02:33]} 11. Nd2 {[%emt 0:02:58]} Ng6 {[%emt 0:00:34]} 12. Nf1 {[%emt 0:01:19]} Nf4 {[%emt 0:13:31]} 13. Ne3 {[%emt 0:07:30]} cxd5 {[%emt 0:19:29]} 14. Bxd5 {[%emt 0:05:36]} Be6 {[%emt 0:04:05]} 15. Bb3 {[%emt 0:05:53]} O-O-O {[%emt 0:10:34]} 16. g3 {[%emt 0:07:03]} Rhg8 {[%emt 0:07:13]} 17. a6 {[%emt 0:10:41]} b6 {[%emt 0:03:35]} 18. Kh1 {[%emt 0:03:14]} Nh3 {[%emt 0:01:13]} 19. Rf1 {[%emt 0:05:17]} Kb8 {[%emt 0:03:08]} 20. Ncd5 {[%emt 0:05:18]} Nxd5 {[%emt 0:11:18]} 21. Nxd5 {[%emt 0:00:58]} Bxd5 {[%emt 0:00:19]} 22. Qxd5 {[%emt 0:01:26]} Rc8 {[%emt 0:05:22]} 23. Be3 {[%emt 0:03:02]} Rg7 {[%emt 0:00:58]} 24. Ra4 {[%emt 0:03:53]} Qc6 {[%emt 0:00:57]} 25. Qd3 {[%emt 0:01:40]} Qd7 {[%emt 0:01:10]} 26. Bxb6 {[%emt 0:02:34]} d5 {[%emt 0:03:00]} 27. Be3 {[%emt 0:06:36]} d4 {[%emt 0:02:28]} 28. Ra5 {[%emt 0:02:20]} Bc5 {[%emt 0:02:07]} 29. Bd2 {[%emt 0:01:29]} f6 {[%emt 0:01:13]} 30. Kg2 {[%emt 0:05:03]} Nf4+ {[%emt 0:04:25]} 31. Bxf4 {[%emt 0:02:01]} gxf4 {[%emt 0:00:07]} 32. Rb5+ {[%emt 0:01:21]} Bb6 {[%emt 0:00:44]} 33. Ra1 {[%emt 0:00:15]} Rc7 {[%emt 0:01:46]} 34. Rd5 {[%emt 0:00:45]} Qe7 {[%emt 0:00:36]} 35. c4 {[%emt 0:00:44]} h5 {[%emt 0:00:15]} 36. Bd1 {[%emt 0:00:20]} h4 {[%emt 0:00:15]} 37. g4 {[%emt 0:00:18]} Rc5 {[%emt 0:00:55]} 38. Bf3 {[%emt 0:00:46]} Rxd5 {[%emt 0:00:19]} 39. exd5 {[%emt 0:00:15]} Qd7 {[%emt 0:00:30]} 40. Kh1 {[%emt 0:00:00]} h3 41. b4 e4 {[%emt 0:04:25]} 42. Bxe4 {[%emt 0:07:03]} Qxg4 {[%emt 0:05:58]} 43. c5 {[%emt 0:01:29]} Bd8 {[%emt 0:00:03]} 44. d6 {[%emt 0:02:03]} f3 {[%emt 0:03:16]} 45. Bxf3 {[%emt 0:02:17]} Qf4 {[%emt 0:02:39]} 46. Qb5+ {[%emt 0:01:04]} 1-0

[Event "38th Barczay Memorial 2019"]
[Site "Zalakaros"]
[Date "2019.05.24"]
[Round "2.4"]
[White "Hrbolka, Ladislav Jr."]
[Black "Varga, Zoltan"]
[Result "0-1"]
[WhiteElo "2203"]
[BlackElo "2457"]
[Annotator "RC"]
[PlyCount "84"]
[EventDate "2019.05.23"]
[EventType "swiss"]
[EventCountry "HUN"]
[SourceTitle "playchess.com"]
[Source "ChessBase"]
[SourceQuality "1"]
[TimeControl "40/5400+30:1800+30"]

1. e4 {[%emt 0:00:02]} Nf6 {[%emt 0:19:16]} 2. e5 {[%emt 0:00:23]} Nd5 {[%emt 0:00:08]} 3. d4 {[%emt 0:00:27]} d6 {[%emt 0:00:05]} 4. Nf3 {[%emt 0:00:52]} Nb6 {[%emt 0:00:32]} 5. Be2 {[%emt 0:08:47]} g6 {[%emt 0:00:11]} 6. O-O {[%emt 0:00:50]} Bg7 {[%emt 0:00:04]} 7. Nc3 {[%emt 0:07:13]} dxe5 {[%emt 0:04:26]} 8. Nxe5 {[%emt 0:01:11]} N8d7 {[%emt 0:00:29]} 9. Bf4 {[%emt 0:03:13]} Nxe5 {[%emt 0:02:09]} 10. Bxe5 {[%emt 0:01:22]} Bxe5 {[%emt 0:00:17]} 11. dxe5 {[%emt 0:00:08]} Bf5 {[%emt 0:00:06]} 12. Nb5 {[%emt 0:08:06]} c6 {[%emt 0:06:29]} 13. Nd4 {[%emt 0:00:32]} Qd5 {[%emt 0:00:08]} 14. g4 {[%emt 0:16:11]} O-O-O {[%emt 0:10:44]} 15. gxf5 {[%emt 0:22:38]} Qxd4 {[%emt 0:02:12]} 16. Qxd4 {[%emt 0:00:09]} Rxd4 {[%emt 0:00:05]} 17. fxg6 {[%emt 0:06:56]} hxg6 {[%emt 0:00:34]} 18. Rad1 {[%emt 0:00:27]} Rdh4 {[%emt 0:06:51]} 19. h3 {[%emt 0:00:10]} e6 {[%emt 0:00:05]} 20. Bg4 {[%emt 0:01:15]} Nc4 {[%emt 0:00:05]} 21. Rfe1 {[%emt 0:01:56]} Nxb2 {[%emt 0:00:20]} 22. Rd4 {[%emt 0:00:36]} b5 {[%emt 0:00:05]} 23. Ree4 {[%emt 0:04:01]} g5 {[%emt 0:17:30]} 24. f4 {[%emt 0:02:23]} c5 {[%emt 0:02:51]} 25. Rd2 {[%emt 0:01:52]} Nc4 {[%emt 0:00:53]} 26. Rf2 {[%emt 0:00:19]} gxf4 {[%emt 0:00:36]} 27. Rfxf4 {[%emt 0:00:09]} R4h7 {[%emt 0:00:06]} 28. a4 {[%emt 0:02:31]} a6 {[%emt 0:01:09]} 29. axb5 {[%emt 0:00:04]} axb5 {[%emt 0:00:04]} 30. Be2 {[%emt 0:03:45]} Nd2 {[%emt 0:03:37]} 31. Re3 {[%emt 0:00:12]} c4 {[%emt 0:00:01]} 32. Bg4 {[%emt 0:02:46]} Rd8 {[%emt 0:00:16]} 33. Kg2 {[%emt 0:01:27]} Kc7 {[%emt 0:02:04]} 34. Kg3 {[%emt 0:00:42]} Kb6 {[%emt 0:00:24]} 35. h4 {[%emt 0:01:04]} b4 {[%emt 0:01:48]} 36. h5 {[%emt 0:01:22]} Kc5 {[%emt 0:00:03]} 37. Be2 {[%emt 0:01:13]} Rg7+ {[%emt 0:03:55]} 38. Rg4 {[%emt 0:00:40]} Rxg4+ {[%emt 0:00:53]} 39. Kxg4 {[%emt 0:00:08]} b3 {[%emt 0:00:18]} 40. cxb3 {[%emt 0:00:00]} cxb3 {[%emt 0:00:00]} 41. Rc3+ {[%emt 0:05:50]} Kb4 {[%emt 0:01:44]} 42. Rd3 {[%emt 0:00:09]} Rg8+ {[%emt 0:01:51]} 0-1

[Event "38th Barczay Memorial 2019"]
[Site "Zalakaros"]
[Date "2019.05.24"]
[Round "2.5"]
[White "Horvath, Jozsef"]
[Black "Bozinovic, Bogdan"]
[Result "1/2-1/2"]
[WhiteElo "2451"]
[BlackElo "2197"]
[Annotator "TA"]
[PlyCount "82"]
[EventDate "2019.05.23"]
[EventType "swiss"]
[EventCountry "HUN"]
[SourceTitle "playchess.com"]
[Source "ChessBase"]
[SourceQuality "1"]

{[%evp 21,82,33,26,26,28,25,56,48,62,44,80,83,87,47,136,135,136,134,127,135,240,251,237,217,227,220,230,212,535,339,328,344,631,629,748,589,541,396,378,0,0,0,362,13,30,0,52,0,0,0,0,0,0,0,0,0,0,0,0,0,0,0,0]} 1. Nf3 c5 2. c4 Nf6 3. Nc3 e6 4. e3 d5 5. cxd5 exd5 6. d4 Nc6 7. Bb5 Bd6 8. dxc5 Bxc5 9. O-O O-O 10. b3 a6 11. Bxc6 bxc6 12. Bb2 {D32: Tarrasch Defence: Sidelines and lines without g3} Bd6 (12... Re8 13. Rc1 Bd6 14. Na4 Bd7 15. Nc5 Bxc5 16. Bxf6 Qxf6 17. Rxc5 Re4 18. Nd4 Rh4 19. g3 Rh6 {1-0 (57) Bareev,E (2642)-Yang,K (2505) Kingston 2019}) 13. Rc1 Bb7 14. Na4 {White is slightly better.} Ne4 15. Nd4 Qf6 $146 ({Predecessor:} 15... Re8 16. Nxc6 Bxc6 17. Rxc6 Re6 18. Qc2 Qh4 19. Rc8+ Re8 20. Rxe8+ Rxe8 {1-0 (31) Maric,A (2443)-Cmilyte,V (2335) New Delhi 2000}) 16. Qg4 {Hoping for f3.} Qh6 {[%csl Gd6][%cal Rh6h2]} 17. h3 {Strongly threatening Nf5!} f5 (17... Bc8 $14 18. Nf5 Bxf5 19. Qxf5 Rfe8) 18. Nxf5 $16 Rxf5 19. Qxf5 {And now Qd7 would win.} Bc8 20. Qf3 Ng5 {[#]} (20... Nd2 $16 21. Qe2 Nxf1) 21. Qe2 $1 $18 (21. Qd1 $2 Nxh3+ 22. gxh3 Bxh3 $19) 21... Nxh3+ 22. gxh3 Bxh3 {( -> ...Qg6+)} 23. f4 Re8 {Threatens to win with ...Re6!} 24. Rf3 (24. Rxc6 $2 Qg6+ 25. Kh1 {[#]} Rxe3 $3 $19 {[%mdl 512]}) 24... Bg4 $2 (24... Bxf4 {is more resistant.} 25. Rxf4 Qxf4 26. exf4 Rxe2 27. Rxc6 Bd7) 25. Qg2 Bxf3 26. Qxf3 Re6 $2 (26... Qg6+ 27. Kf2 Qd3 28. Rxc6 Qd2+ 29. Qe2 Qxe2+ 30. Kxe2 Bxf4) 27. Rxc6 Qg6+ 28. Kf1 Qd3+ 29. Qe2 Qf5 30. Qc2 $2 (30. Rc8+ Kf7 $14) (30. Kf2 $18) 30... Qg4 $11 31. Qe2 $2 {[%mdl 8192]} (31. Rxd6 $11 Qf3+ 32. Qf2 Qd1+ 33. Qe1 Qf3+ {[%mdl 64] Double Attack} 34. Qf2 Qd1+ 35. Qe1 Qf3+ {[%mdl 64] Double Attack} 36. Qf2) 31... Qf5 $1 $18 {intending ...Rh6.} 32. Rc8+ $2 (32. Rxa6 Qb1+ 33. Kf2 Rh6 $19) ({Better is} 32. Kf2 $18) 32... Kf7 $11 33. Qc2 (33. Rc3 $5 {[%cal Re2f3]} d4 34. Rd3 $11) 33... Re4 (33... Qg4 $11 34. Qe2 Qf5) 34. Rc7+ (34. Rc3 $1 $14 Be5 35. Qg2 Bxc3 36. Bxc3 Rxe3 37. Qxg7+ Ke8 38. Qg8+ Ke7 39. Bb4+ Kf6 40. Qg5+ Qxg5 41. fxg5+ Ke5 42. Nc5) 34... Bxc7 {The position is equal.} 35. Qxc7+ Re7 36. Qc3 Qh3+ 37. Ke2 Qg2+ 38. Kd3 Qe4+ 39. Kd2 Qg2+ 40. Kd3 Qe4+ 41. Kd2 Qg2+ {Accuracy: White = 37%, Black = 53%.} 1/2-1/2

[Event "38th Barczay Memorial 2019"]
[Site "Zalakaros"]
[Date "2019.05.24"]
[Round "2.6"]
[White "Biro, Sandor"]
[Black "Bagi, Mate"]
[Result "0-1"]
[WhiteElo "2198"]
[BlackElo "2450"]
[Annotator "TA"]
[PlyCount "102"]
[EventDate "2019.05.23"]
[EventType "swiss"]
[EventCountry "HUN"]
[SourceTitle "playchess.com"]
[Source "ChessBase"]
[SourceQuality "1"]

{[%evp 9,102,-7,0,-3,0,0,-9,0,-6,-28,-28,-12,-18,-31,-33,-33,-33,-33,-17,-14,-15,-27,-12,-39,-9,-47,-19,-19,-19,-19,-19,-36,-20,-26,47,43,54,57,59,62,73,-48,-49,-41,-41,-39,-41,-60,-64,-62,-57,-56,-28,-26,-26,-33,-33,-33,-22,-39,-29,-71,-65,-72,-79,-79,-72,-72,-53,-57,0,-60,-70,-154,-153,-147,-156,-141,-145,-188,-177,-196,-31,-51,-39,-41,-10,-12,-18,-24,-8,-8,-8,-27,-12]} 1. e4 e5 2. Nf3 Nc6 3. Nc3 Nf6 4. a3 d5 5. Bb5 Nxe4 6. Qe2 {C47: Scotch Four Knights and Four Knights with 4 g3} Qd6 7. Nxe4 dxe4 8. Qxe4 {The position is equal.} Bd7 9. O-O O-O-O $1 10. d3 f6 (10... Re8 11. Qe2 Qg6 12. Be3 Bd6 {0-1 (55) Caruana,F (2816)-Kramnik,V (2792) Paris 2018}) 11. Bd2 $146 ({Predecessor:} 11. b4 g6 12. Bb2 Bg7 {½-½ (33) Lu,S (2625)-Xu,Y (2545) China 2019}) 11... g5 12. Bb4 Qe6 13. Rfe1 g4 14. Bxc6 Qxc6 15. Qxc6 Bxc6 16. Bxf8 gxf3 17. Bb4 Rdg8 18. g3 h5 19. h4 Rg4 20. Kh2 Rhg8 21. Rad1 f5 (21... b6 $11) 22. Rxe5 $14 f4 {[%cal Rf4g3]} 23. Be1 Re8 24. Rxe8+ Bxe8 {[%mdl 4096] Endgame KRB-KRB} 25. d4 (25. Bc3 $16) 25... fxg3+ $15 26. fxg3 Re4 27. Kg1 Re2 28. Bf2 Rxc2 29. Rd3 Rxb2 30. Rxf3 Rb1+ 31. Kh2 Bc6 32. Rf8+ Kd7 {[%csl Gc6][%cal Rb1h1] [#]} 33. g4 $1 hxg4 34. Kg3 Ke7 35. Rf4 Bd7 {Strongly threatening ...Rb3+.} 36. d5 Rb3+ 37. Kg2 Kd6 38. Rf7 {aiming for Bg3+.} Be8 39. Rf8 Bd7 40. Rf7 $1 {And now Bg3+ would win.} Bb5 41. Rf5 {[#]} (41. a4 $15 Bxa4 42. Rg7) 41... Bd3 $1 $17 {[%cal Rd3f5]} 42. Bg3+ Kc5 43. Bf2+ Kc4 44. Re5 Rxa3 45. h5 Ra6 $2 (45... b5 $19 {Hoping for ...b4.} 46. h6 b4) 46. Kg3 b5 47. Re7 $1 b4 48. Rxc7+ Kxd5 49. Rd7+ Kc4 50. Rc7+ Kb3 51. Bxa7 Ka2 {[%mdl 32768] Accuracy: White = 61%, Black = 55%. . Sensor Board Error (Ke4/e5)?} 0-1

[Event "38th Barczay Memorial 2019"]
[Site "Zalakaros"]
[Date "2019.05.24"]
[Round "2.7"]
[White "Czebe, Attila"]
[Black "Dobai, Szabolcs"]
[Result "1-0"]
[WhiteElo "2427"]
[BlackElo "2192"]
[Annotator "RC"]
[PlyCount "45"]
[EventDate "2019.05.23"]
[EventType "swiss"]
[EventCountry "HUN"]
[SourceTitle "playchess.com"]
[Source "ChessBase"]
[SourceQuality "1"]
[TimeControl "40/5400+30:1800+30"]

1. e4 {[%emt 0:01:58]} c6 {[%emt 0:00:05]} 2. Nc3 {[%emt 0:01:45]} d5 {[%emt 0:00:05]} 3. Nf3 {[%emt 0:00:35]} Nf6 {[%emt 0:00:07]} 4. e5 {[%emt 0:00:27]} Ne4 {[%emt 0:00:05]} 5. Qe2 {[%emt 0:01:30]} Nxc3 {[%emt 0:01:57]} 6. dxc3 {[%emt 0:00:05]} Bg4 {[%emt 0:02:18]} 7. Bg5 {[%emt 0:05:40]} Qa5 {[%emt 0:11:59]} 8. e6 {[%emt 0:04:38]} Bxe6 {[%emt 0:04:36]} 9. Nd4 {[%emt 0:00:06]} Bc8 {[%emt 0:01:36]} 10. Nb3 {[%emt 0:01:16]} Qc7 {[%emt 0:06:53]} 11. O-O-O {[%emt 0:02:04]} f6 {[%emt 0:02:54]} 12. Be3 {[%emt 0:00:29]} e5 {[%emt 0:01:40]} 13. f4 {[%emt 0:03:26]} Be6 {[%emt 0:04:23]} 14. fxe5 {[%emt 0:00:49]} fxe5 {[%emt 0:04:00]} 15. Qh5+ {[%emt 0:00:24]} g6 {[%emt 0:02:43]} 16. Qh4 {[%emt 0:01:14]} Nd7 {[%emt 0:02:05]} 17. Bd3 {[%emt 0:03:56]} Bg7 {[%emt 0:03:32]} 18. Rhf1 {[%emt 0:00:21]} b6 {[%emt 0:09:40]} 19. c4 {[%emt 0:05:20]} d4 {[%emt 0:05:34]} 20. Bg5 {[%emt 0:00:43]} Bf7 {[%emt 0:01:10]} 21. Rxf7 {[%emt 0:06:54]} Kxf7 {[%emt 0:01:39]} 22. Rf1+ {[%emt 0:00:05]} Ke8 {[%emt 0:05:24]} 23. Qxh7 1-0